000 00710cam a22002054a 4500
020 _a0764542389 (pbk.)
040 _cDLC
082 0 0 _a005 WIL 2004 A002 Or.
245 0 0 _aMac OS X Panther in 10 simple steps or less /
260 _aIndianapolis, Ind. :
_bWiley Pub.,
_cc2004.
300 _axxi, 577 p. :
_bill. ;
_c24 cm.
500 _aIncludes index.
650 0 _aOperating systems (Computers)
650 0 _aMacintosh (Computer)
700 1 _aBurnett, Steven Forrest.
856 4 1 _uhttp://www.loc.gov/catdir/toc/wiley041/2004102332.html
856 4 2 _uhttp://www.loc.gov/catdir/bios/wiley047/2004102332.html
856 4 2 _uhttp://www.loc.gov/catdir/description/wiley041/2004102332.html
942 _cEK
999 _c17148
_d17148